Plasticity in reinforced concrete / (Record no. 528330)

000 -LEADER
fixed length control field 00823pam a2200265 a 4500
001 - CONTROL NUMBER
control field 4205457
003 - CONTROL NUMBER IDENTIFIER
control field NUST
005 - DATE AND TIME OF LATEST TRANSACTION
control field 20190906060728.0
008 - FIXED-LENGTH DATA ELEMENTS--GENERAL INFORMATION
fixed length control field 810312s1982 nyua b 001 0 eng
010 ## - LIBRARY OF CONGRESS CONTROL NUMBER
LC control number 81004733
020 ## - INTERNATIONAL STANDARD BOOK NUMBER
International Standard Book Number 0070106878 :
Terms of availability $35.95 (est.)
038 ## - RECORD CONTENT LICENSOR
Staff Name MSOHAIL
040 ## - CATALOGING SOURCE
Original cataloging agency DLC
Transcribing agency DLC
Modifying agency DLC
050 00 - LIBRARY OF CONGRESS CALL NUMBER
Classification number TA683.2
Item number .C457
082 00 - DEWEY DECIMAL CLASSIFICATION NUMBER
Classification number 620.137
Edition number 19
Author Mark CHE
100 1# - MAIN ENTRY--PERSONAL NAME
Personal name Chen, Wai-Fah,
Dates associated with a name 1936-
9 (RLIN) 19840
245 10 - TITLE STATEMENT
Title Plasticity in reinforced concrete /
Statement of responsibility, etc. W.F. Chen.
260 ## - PUBLICATION, DISTRIBUTION, ETC.
Place of publication, distribution, etc. New York :
Name of publisher, distributor, etc. McGraw-Hill,
Date of publication, distribution, etc. c1982.
300 ## - PHYSICAL DESCRIPTION
Extent xv, 474 p. :
Other physical details ill. ;
Dimensions 24 cm.
504 ## - BIBLIOGRAPHY, ETC. NOTE
Bibliography, etc. note Includes bibliographies and indexes.
650 #0 - SUBJECT ADDED ENTRY--TOPICAL TERM
Topical term or geographic name entry element Reinforced concrete construction.
9 (RLIN) 653
650 #0 - SUBJECT ADDED ENTRY--TOPICAL TERM
Topical term or geographic name entry element Reinforced concrete
General subdivision Plastic properties.
9 (RLIN) 20059
906 ## - LOCAL DATA ELEMENT F, LDF (RLIN)
a 7
b cbc
c orignew
d 1
e ocip
f 19
g y-gencatlg
942 ## - ADDED ENTRY ELEMENTS (KOHA)
Source of classification or shelving scheme
Koha item type Book
Holdings
Withdrawn status Lost status Source of classification or shelving scheme Damaged status Not for loan Permanent Location Current Location Date acquired Total Checkouts Full call number Barcode Date last seen Date last checked out Price effective from Koha item type
          School of Civil and Environmental Engineering (SCEE) School of Civil and Environmental Engineering (SCEE) 09/06/2019 1 620.137 CHE NIT-13014 03/31/2021 10/09/2019 09/06/2019 Book
© 2023 Central Library, National University of Sciences and Technology. All Rights Reserved.